000 00970nam a2200277Ia 4500
003 OSt
005 20220930090825.0
006 a|||||r|||| 00| 0
007 ta
008 220926b |||||||| |||| 00| 0 eng d
024 _a2273
037 _cTheses
040 _aCRL
_cCRL
_beng
041 _2eng
_aeng
100 _aKashyap Anuradha
_9543745
110 _aUniversity of Delhi. Faculty of Medical Sciences. Department of Community Medicine
245 0 _aAssessment of health status among adolescent females in a resettlement colony of Delhi
260 _c2011
650 _aCOMMUNITY HEALTH SERVICES
700 _a Dr. Atul Murari Gu.
_9537126
700 _a Dr. J. G. Prasuna Gu.
_9535928
700 _a Dr. Vibha Gu.
_9534028
700 _aUniversity of Delhi. Faculty of Medical Sciences. Department of Community Medicine
942 _cDIS
_2CC
999 _c881197
_d881197